000 01005cam a2200301 a 4500
001 1228
005 20240430134909.0
020 _a0439388805
020 _a0439388813 (pbk.)
040 _aDLC
_cDLC
_dDLC
_beng
050 0 0 _aPZ7.M3567585
_bCq 2002
082 0 0 _a[Fic]
_221
100 1 _aMartin, Ann M.,
_d1955-
245 1 2 _aA corner of the universe /
_cAnn M. Martin.
250 _aFirst Edition
260 _aNew York :
_bScholastic Press,
_c2002
300 _a189 pages :
_c20 cm
505 _aR
520 _aThe summer that Hattie turns twelve, she meets the childlike uncle she never knew and becomes friends with a girl who works at the carnival that comes to Hattie's small town.
521 _a750
_bLexile
521 _aT
_bRaz-Plus
650 1 _aFamily life
_vFiction.
650 1 _aUncles
_vFiction.
650 1 _aPeople with mental disabilities
_vFiction.
650 1 _aFriendship
_vFiction.
906 _a7
_bcbc
_corignew
_d1
_eocip
_f20
_gy-gencatlg
942 _2ddc
_cBK
_n0
999 _c1228
_d1228